|
|
|
|
| LEADER |
01100nam a2200253 a 4500 |
| 001 |
13768984 |
| 008 |
100705s2004 caua 001 0 eng d |
| 010 |
|
|
|a 2004303989
|
| 040 |
|
|
|a OCD
|c OCD
|d DLC
|d BD-DhAAL
|
| 020 |
|
|
|a 8177224824
|
| 082 |
0 |
0 |
|a 005.1/17
|2 22
|
| 100 |
1 |
|
|a Keogh, Jim.
|
| 245 |
1 |
0 |
|a Object oriented programming :
|b principles and fundamentals /
|c Jim Keogh & Mario Giannini.
|
| 260 |
|
|
|a California :
|b McGraw-Hill/Osborne ;
|a New Delhi :
|b Dreamtech Press,
|c 2004.
|
| 300 |
|
|
|a xvi, 260 p. :
|b ill. ;
|c 24 cm.
|
| 500 |
|
|
|a Includes index.
|
| 541 |
1 |
|
|e 00020588
|
| 650 |
|
0 |
|a Object-oriented programming (Computer science)
|
| 700 |
1 |
|
|a Giannini, Mario.
|
| 852 |
4 |
|
|a Ayesha Abed Library
|j General shelf
|
| 942 |
0 |
0 |
|0 1
|
| 999 |
|
|
|c 9317
|d 9317
|
| 952 |
|
|
|0 0
|1 4
|2 ddc
|4 0
|6 005_117000000000000_KEO
|7 0
|9 11863
|a BRACUL
|b BRACUL
|c GEN
|d 2010-09-20
|l 0
|o 005.117 KEO
|p 3010020588
|r 2010-09-20
|t 1
|w 2010-09-20
|y BK
|x Koha Inventory 2020
|
| 952 |
|
|
|0 0
|1 0
|2 ddc
|4 0
|6 005_117000000000000_KEO_2004
|7 0
|9 14535
|a BRACUL
|b BRACUL
|c GEN
|d 2011-03-03
|l 11
|m 114
|o 005.117 KEO
|p 3010020589
|r 2025-11-05
|s 2025-02-08
|t 2
|w 2011-03-03
|y BK
|